Barefoot by the sea #4/ Roxanne St. Claire.
Available copies
- 1 of 1 copy available at LARL/NWRL Consortium.
- 1 of 1 copy available at Lake Agassiz Regional Library. (Show preferred library)
Current holds
0 current holds with 1 total copy.
Show Only Available Copies
| Location | Call Number / Copy Notes | Barcode | Shelving Location | Status | Due Date |
|---|---|---|---|---|---|
| Moorhead Public Library | STC (Text) | 33500011808029 | Main | Available | - |
Record details
- ISBN: 9781455508235 (pbk.)
- ISBN: 1455508233 (pbk.)
- Physical Description: xii, 434 p. ; 18 cm.
- Edition: 1st ed.
- Publisher: New York, NY : Forever, 2013.
Content descriptions
| Summary, etc.: | Tessa Galloway, the gardener at Barefoot Bay's new ... Read More |
Search for related items by subject
| Subject: | Gardeners > Fiction. Witnesses > Protection > Fiction. Single fathers > Fiction. Man-woman relationships > Fiction. Bed and breakfast accommodations > Fiction. Florida > Fiction. |
| Genre: | Love stories. |
Search for related items by series
| LDR | 01550cam a2200397Ia 4500 | ||
|---|---|---|---|
| 001 | 162649 | ||
| 003 | LARL_NWRL_CONSORTIUM | ||
| 005 | 20140219120842.0 | ||
| 008 | 130414s2013 nyu 000 1 eng d | ||
| 016 | 7 | . | ‡a016478203 ‡2Uk |
| 020 | . | ‡a9781455508235 (pbk.) | |
| 020 | . | ‡a1455508233 (pbk.) | |
| 035 | . | ‡a(OCoLC)839396295 | |
| 082 | 4. | ‡a813 | |
| 100 | 1 | . | ‡aSt. Claire, Roxanne. ‡0(LARL_NWRL_CONSORTIUM)192177 |
| 245 | 1 | 0. | ‡aBarefoot by the sea ‡n#4/ ‡cRoxanne St. Claire. |
| 250 | . | ‡a1st ed. | |
| 260 | . | ‡aNew York, NY : ‡bForever, ‡c2013. | |
| 300 | . | ‡axii, 434 p. ; ‡c18 cm. | |
| 490 | 0 | . | ‡aBarefoot Bay; ‡v4 |
| 520 | . | ‡aTessa Galloway, the gardener at Barefoot Bay's new resort, begins an complicated romance with John Brown, who is in the witness protection program and needs a job and a wife in order to be reunited with his twin toddlers. | |
| 650 | 0. | ‡aGardeners ‡vFiction. ‡0(LARL_NWRL_CONSORTIUM)165395 | |
| 650 | 0. | ‡aWitnesses ‡xProtection ‡vFiction. | |
| 650 | 0. | ‡aSingle fathers ‡vFiction. ‡0(LARL_NWRL_CONSORTIUM)167304 | |
| 650 | 0. | ‡aMan-woman relationships ‡vFiction. ‡0(LARL_NWRL_CONSORTIUM)165985 | |
| 650 | 0. | ‡aBed and breakfast accommodations ‡vFiction. ‡0(LARL_NWRL_CONSORTIUM)163677 | |
| 651 | 0. | ‡aFlorida ‡vFiction. ‡0(LARL_NWRL_CONSORTIUM)164960 | |
| 655 | 0. | ‡aLove stories. | |
| 901 | . | ‡a162649 ‡bOCLC ‡c162649 ‡tbiblio | |

Add to basket
Permalink
Disable Highlighting